Cryopreservation of tropical plant germplasm : current research progress and application

Kaydedildi:
Detaylı Bibliyografya
Materyal Türü: Kitap
Dil:Undetermined
Baskı/Yayın Bilgisi: Tsukuba JIRCAS 2000
Konular:
Etiketler: Etiketle
Etiket eklenmemiş, İlk siz ekleyin!
Thư viện lưu trữ: Trung tâm Học liệu Trường Đại học Cần Thơ
LEADER 00694nam a2200193Ia 4500
001 CTU_170136
008 210402s9999 xx 000 0 und d
082 |a 631.523 
082 |b C883 
245 0 |a Cryopreservation of tropical plant germplasm : 
245 0 |b current research progress and application 
245 0 |c Florent Engelmann and Hiroko Takagi, editors 
260 |a Tsukuba 
260 |b JIRCAS 
260 |c 2000 
650 |a Germplasm resources, Plant,Crops,Tropical plants,Nguồn giống cây trồng,Cây trồng nhiệt đới 
650 |x Germplasm resources,Cryopreservation 
910 |a Nguyên 
980 |a Trung tâm Học liệu Trường Đại học Cần Thơ